| 000 | 00676nam a2200205Ia 4500 | ||
|---|---|---|---|
| 003 | SISC | ||
| 005 | 20170125104616.0 | ||
| 008 | 140429s9999 xx 000 0 und d | ||
| 020 | _a9781742164724 | ||
| 050 |
_aHD 31 _b.Sc326 2011 |
||
| 100 | _aSchermerhorn, John R. | ||
| 245 |
_aManagement : _b4th asia-pacific edition / _cVictor T.C. Middleton, Alan Fyall and Michael Morgan. |
||
| 250 | _a4th asia-pacific edition. | ||
| 260 |
_aNew Jersey : _bJohn Wiley & Sons Inc., _c2011. |
||
| 300 |
_a620 pages : _bcolor illustrations ; _c26 cm. |
||
| 500 | _aIncludes bibliographical references and index. | ||
| 650 | _aManagement. | ||
| 942 |
_kFOR _cBK _2lcc |
||
| 999 |
_c115627 _d115627 |
||